000 02078nam0a22003011 4500
001 RU\NLR\UK\569
005 20260408064754.0
035 _a(NLR Aleph) 009798371
090 _a10164911
_c10164911
100 _a20030129d1748 u y0rusy50 ca
101 0 _arus
102 _aRU
200 1 _aУказ ея императорскаго величества самодержицы всероссиискои,
_e[О рассылке в Москве указа о том, чтобы люди для утушения пожаров были не отменно, пожарные инструменты были в должной исправности и о предосторожности от зажигателей]
_eПравительствующаго Сената из канторы
210 _a[Б.м.
_d1748]
215 _a[1] л.
_d2°
304 _aТекст начинается словами: Сего июня 13 дня, в ведении из Правительствующаго Сената в Сенатскую Кантору объявлено, чтоб в Москве в пожарное время...
306 _aВ конце текста дата рассылки: Июня дня, 1748 года.
316 _aВ экз. РНБ, адресованном Соляной конторе, дата рассылки вписана от руки: Июня 15 дня, 1748 года
_5123/142
517 1 _aСего июня 13 дня, в ведении из Правительствующаго Сената в Сенатскую Кантору объявлено, чтоб в Москве в пожарное время
702 0 _4720
_8rus
_7ca
_aЕлизавета Петровна
_cимператрица российская
_f1709-1762
_3RU\NLR\AUTH\778655
_9118551
710 0 1 _aРоссия
_bИмператрица
_c1741-1762; Елизавета Петровна
_3RU\NLR\AUTH\8810042736
_9584915
801 0 _aRU
_bNLR
_c20030129
852 _aNLR
_j123/142
942 _cBOOK
980 _aNB
980 _aA1XVIIIv
980 _aA1UKAZ